Moderné trendy vo výrobe a logistike a ich využitie v podnikovom informačnom systéme

Intenzívny rozvoj informačných technológií ako hnací motor súčasných zmien vo výrobe a logistike. Moderné trendy vo výrobe a ich dopad na spoločnosť. Podnikové logistické informačné systémy a ich využitie.

Gespeichert in:
Bibliographische Detailangaben
1. Verfasser: Rakovská, Júlia, 1972-
Format: Buchkapitel
Sprache:Slowakisch
Schlagworte:
Tags: Tag hinzufügen
Keine Tags, Fügen Sie das erste Tag hinzu!

MARC

LEADER 00000naa$a2200000$$$4500
001 0249744
005 20240502074009.9
041 0 |a slo 
044 |a SK 
245 1 0 |a Moderné trendy vo výrobe a logistike a ich využitie v podnikovom informačnom systéme  |c Júlia Rakovská 
520 |a Intenzívny rozvoj informačných technológií ako hnací motor súčasných zmien vo výrobe a logistike. Moderné trendy vo výrobe a ich dopad na spoločnosť. Podnikové logistické informačné systémy a ich využitie. 
610 2 0 |a výroba 
610 2 0 |a podnik výrobný 
610 2 0 |a logistika 
610 2 0 |a systémy informačné podnikové 
610 2 0 |a systémy informačné logistické 
100 1 |a Rakovská, Júlia, 1972-